000 00459nam a22001697a 4500
005 20251108172010.0
008 250721s1987 xx 000 0 ara d
082 1 4 _a956.4/أحم
100 1 _aالعناني، أحمد
245 1 0 _aفلسطين في المنظور الإسلامي /
264 1 _aعمان :
_bدار البيرق،
_c1987.
300 _a147ص
650 1 7 _aفلسطين
650 1 7 _aتاريخ
942 _2ddc
_cBK
999 _c67912
_d67912